|
|
|
|
| LEADER |
00000nam a22000007a 4500 |
| 003 |
Ucuenca |
| 005 |
20231107120242.0 |
| 008 |
190122b1985 ec ||||| |||| 00| 0 spa d |
| 040 |
|
|
|b spa
|
| 041 |
0 |
|
|a es
|
| 082 |
0 |
|
|a 923
|
| 110 |
2 |
|
|a Universidad de Guayaquil.
|9 10433
|
| 245 |
|
|
|a Homenaje a Manuela Sáenz libertadora del Libertador, 1797-1856
|c Universidad de Guayaquil
|h imp
|
| 264 |
|
|
|a Guayaquil
|b Universidad de Guayaquil
|c 1985
|
| 300 |
|
|
|a 40 páginas:
|b ilu
|c 21.5 cm
|
| 650 |
|
4 |
|a Sáenz Manuela
|9 19279
|
| 650 |
|
0 |
|9 6991
|a Homenaje
|
| 650 |
|
0 |
|a Biografía
|9 242
|
| 942 |
|
|
|2 ddc
|c BK
|z bladimir.cabrerar@ucuenca.edu.ec
|
| 999 |
|
|
|c 156734
|d 156734
|